| 000 | 00367nam a2200145Ia 4500 | ||
|---|---|---|---|
| 008 | 230917s9999||||xx |||||||||||||| ||und|| | ||
| 040 |
_e160190 _aMAIN |
||
| 041 | _aEnglish | ||
| 082 | _a647.94068 R313R | ||
| 100 | _aSudan, Amrik Singh, ed. | ||
| 245 | 0 | _aRestaurant management | |
| 260 |
_aNew Delhi _bAnmol Publications _c2002 |
||
| 300 | _a272 p. | ||
| 942 | _cBK | ||
| 999 |
_c139674 _d139674 |
||